000 00602nam a2200181Ia 4500
008 130821s1989 ck gr spa
040 _aCo-BoUCM
_bspa
041 0 0 _aspa
110 _aEscuela Judicial Rodrigo Lara Bonilla
_9106774
245 0 0 _aManual de criminalística
_cEscuela Judicial Rodrigo Lara Bonilla
260 _aBogotá (Colombia)
_bImprenta Nacional
_c1989
300 _a251 páginas
650 0 4 _aCriminología
_912152
650 0 4 _aDerecho penal
_912805
650 0 4 _aDerecho penal
_zColombia
_931080
942 _cLIBRO
_a8
_e1
_mE72
_2DEWEY
_h364
999 _c28925
_d28925